Európsky sektor leteckých prepravcov je v rovnováhe

Doteraz neznáme prekážky svetových aeroliniek - teroristické útoky, vírusové ochorenia. Pokles záujmu ľudí o lietanie. Stav v Európe. Pozícia európskych leteckých spoločností v globálnom meradle je relatívne dobrá. Reštrukturalizácia v Taliansku. Konkurenčný boj. Vybrané hospodárske výsledky európsk...

Ausführliche Beschreibung

Gespeichert in:
Bibliographische Detailangaben
1. Verfasser: Jarošová, Svetlana
Format: Buchkapitel
Sprache:Slowakisch
Schlagworte:
Tags: Tag hinzufügen
Keine Tags, Fügen Sie das erste Tag hinzu!

MARC

LEADER 00000naa$a2200000$$$4500
001 0036790
005 20231009082212.9
041 0 |a slo 
044 |a SK 
245 1 0 |a Európsky sektor leteckých prepravcov je v rovnováhe  |c Svetlana Jarošová 
520 |a Doteraz neznáme prekážky svetových aeroliniek - teroristické útoky, vírusové ochorenia. Pokles záujmu ľudí o lietanie. Stav v Európe. Pozícia európskych leteckých spoločností v globálnom meradle je relatívne dobrá. Reštrukturalizácia v Taliansku. Konkurenčný boj. Vybrané hospodárske výsledky európskych leteckých lídrov. 
610 2 0 |a spoločnosti letecké 
610 2 0 |a doprava letecká 
610 2 0 |a svet 
610 2 0 |a terorizmus 
610 2 0 |a Európa 
610 2 0 |a reštrukturalizácia 
610 2 0 |a konkurencia 
610 2 0 |a výsledok hospodársky 
100 1 |a Jarošová, Svetlana